| 000 | 01200nam0a22002891 4500 | ||
|---|---|---|---|
| 001 | RU\INFOCOMM_322\NLR\5000155608 | ||
| 005 | 20250613105727.0 | ||
| 010 |
_940553 экз. _a5-05-002755-1 |
||
| 035 | _a(NLR Aleph) 009529736 | ||
| 090 |
_a8879954 _c8879954 |
||
| 100 | _a20130206d1989 |||y0rusy50 ca | ||
| 101 | 1 |
_ager _crus |
|
| 102 | _aRU | ||
| 105 | _ay z ||||| | ||
| 200 | 1 |
_aFregattenkapitän Eins _eAufzeichnungen aus dem eigenhändig von Klein-Null auf der Fahrt durch die Meere u. Ozeane der Arithmetik, Algebra u. Geometrie verfassten Logbuch _e[Für Kinder von 7 J. an] _fWladimir Ljowschin _gIll. von Wladimir Lewinsson _g[Aus dem Russ. von Thea-Marianne Bobrowski] |
|
| 210 |
_aM. _cRaduga _d1989 |
||
| 215 |
_a136 с. _cил., цв. ил. _d27 см |
||
| 300 | _aНа обороте тит. л.: Фрегат капитана Единицы / Владимир Лёвшин | ||
| 620 | _aМосква | ||
| 686 |
_aДл450-4000 _2rubbk |
||
| 700 | 1 |
_9z01790 _aLevšin _bV. A. _f1904- _gVladimir Arturovič |
|
| 790 | 1 |
_9z01700 _aLjowschin _bW. _gWladimir _4070 |
|
| 801 | 1 |
_aRU _bInfocomm _c20130206 |
|
| 801 | 0 |
_aRU _bINFOCOMM _gPSBO |
|
| 852 |
_aNLR _jДл01 Д-7/276 |
||
| 942 | _cBOOK | ||
| 980 | _aNB | ||